La educación especial en Europa (Record no. 66595)

MARC details
000 -CABECERA
campo de control de longitud fija 00643nam a2200229 a 4500
005 - FECHA Y HORA DE LA ÚLTIMA TRANSACCIÓN
campo de control 20210223123848.0
008 - ELEMENTOS DE LONGITUD FIJA--INFORMACIÓN GENERAL
campo de control de longitud fija 991125n 000 0 spa u
035 ## - NÚMERO DE CONTROL DEL SISTEMA
Número de control de sistema UPN01000073810
100 ## - ASIENTO PRINCIPAL--NOMBRE PERSONAL
Nombre de persona HEGARTY, Seamus, 1945-
9 (RLIN) 31644
222 ## - TÍTULO CLAVE
Título clave REVISTA ESPAÑOLA DE PEDAGOGIA
245 ## - MENCIÓN DE TÍTULO
Título La educación especial en Europa
300 ## - DESCRIPCIÓN FÍSICA
Extensión 345-360
362 ## - FECHAS DE PUBLICACIÓN Y/O DESIGNACIÓN SECUENCIAL
Fecha de publicación y/o designación secuencial 1996 54, no. 204, may.-ago.
653 0# - TERMINO DE INDIZACION - NO CONTROLADO
Término no controlado EDUCACION ESPECIAL
653 0# - TERMINO DE INDIZACION - NO CONTROLADO
Término no controlado ESCUELAS ESPECIALES
653 0# - TERMINO DE INDIZACION - NO CONTROLADO
Término no controlado INTEGRACION
653 0# - TERMINO DE INDIZACION - NO CONTROLADO
Término no controlado INVESTIGACION EDUCATIVA
653 0# - TERMINO DE INDIZACION - NO CONTROLADO
Término no controlado LEGISLACION EDUCATIVA
653 0# - TERMINO DE INDIZACION - NO CONTROLADO
Término no controlado NIÑO DISCAPACITADO
904 ## - ELEMENTOS DE DATOS D LOCAL, LDD (RLIN)
a AC
b 011621
905 ## - TIPO DE MATERIAL
Tipo de material Articulo

No items available.